|
|
|
|
| LEADER |
01322nam a2200313 u 4500 |
| 001 |
10040946 |
| 003 |
upatras |
| 005 |
20210527080615.0 |
| 008 |
010905s1996 us eng |
| 020 |
|
|
|a 0300064675
|
| 040 |
|
|
|a GR-PaULI
|c GR-PaULI
|
| 041 |
0 |
|
|a eng
|
| 082 |
0 |
4 |
|a 720.945
|
| 100 |
1 |
|
|a Heydenreich, Ludwig
|9 29815
|
| 245 |
1 |
0 |
|a Architecture in Italy
|b 1400 - 1500
|c Ludwig H. Heydenreich; revised by Paul Davies
|
| 260 |
|
|
|a New Haven
|b Yale University
|c 1996
|
| 300 |
|
|
|a 186 p.
|b phot.,fig.
|c 29 cm.
|
| 490 |
0 |
|
|a Yale University Press Pelican history of art
|
| 504 |
|
|
|a Includes bibliography and index
|
| 650 |
|
4 |
|a Αρχιτεκτονική
|z Ιταλία
|9 7087
|
| 650 |
|
4 |
|a Αναγέννηση
|z Ιταλία
|9 11209
|
| 650 |
|
4 |
|9 9623
|a Αρχιτεκτονική, Αναγεννησιακή
|x Αναγεννησιακή
|
| 760 |
0 |
|
|a Yale University Press Pelican history of art
|
| 700 |
1 |
|
|9 344
|a Davies, Paul Charles William,
|d 1946-
|4 edt
|
| 852 |
|
|
|a GR-PaULI
|b ΠΑΤΡΑ
|b ΑΡΧΙΤΕΚΤΟΝΙΚΗ
|k ΑΣΧΞ-2
|h 720.945 H
|m 002111
|p 025000095100
|t 1
|
| 942 |
|
|
|2 ddc
|c BK15
|
| 952 |
|
|
|0 0
|1 0
|4 0
|6 720_945000000000000_H
|7 0
|9 28243
|a ARCH
|b ARCH
|d 2016-04-24
|i 002111
|l 6
|m 3
|o 720.945 H
|p 025000095100
|r 2021-11-23 00:00:00
|s 2021-11-18
|t 1
|w 2016-04-24
|y BK15
|
| 998 |
|
|
|c MANIAKH
|d 2001-09
|
| 999 |
|
|
|c 17956
|d 17956
|